000 00484nam a2200169Ia 4500
008 240729s9999 xx 000 0 und d
022 _a2519-593X
245 0 _aPerspectives in Education
260 _aSouth Africa
260 _bUniversity of the Free State
650 _a Education (General) | Education
650 _a Special aspects of education
650 _aEducation
856 _uhttps://doaj.org/toc/00d58d4ed6d440fd915cba504c4e00c7
942 _2ddc
942 _cDOAJEJ
999 _c67448
_d67448
945 _a1
_bMadushi Gamage
_c1
_dMadushi Gamage